000 00726nam a2200241Ia 4500
003 OSt
005 20220923214156.0
006 a|||||r|||| 00| 0
007 ta
008 220922b |||||||| |||| 00| 0 hin d
024 _a167,665
037 _cTextual
040 _aARTS
_cARTS
_bhin
041 _2hin
_ahin
082 _aO152,1K73:g, H9;K5
100 _aमिश्र, कृष्णबिहारी
245 0 _aदेव और बिहारी
246 _aDev aur bihārī
260 _c1965
650 _aहिन्दी साहित्य
_9156264
942 _hO152,1K73:g, H9;K5
_cTEXL
_2CC
999 _c322135
_d322135